000
00301nam a2200121 a 4500
008
110426s1988|||| d
245
1
0
_a
Taliansko slovenský turistický slovník
100
1
_a
Červenková, Vilma
260
_b
SPN
_c
1988
_a
Bratislava
020
_c
14,50
041
_a
tal
044
_a
IT
999
_c
19179
_d
19179